WWE DIVAS - Statistics

General Stats
  • This quiz has been taken 331 times
  • The average score is 10 of 14
Answer Stats
Hint Answer % Correct
Miss Daniel Bryan Brie Bella
97%
U CANT C ME Nikki Bella
94%
Miss Jimmy Uso Naomi
86%
Uncle is Bret Hart Natalya
86%
Foxy Diva Alicia Fox
83%
Lay- Cool Member Layla
77%
Russian Leader Lana
75%
Fandango's ex Dance Partner Summer Rae
69%
Daughter Of Jimmy 'Superfly' Snuka Tamina Snuka
67%
Redhead Eva Marie
64%
Girl Bye Cameron
58%
Queen of Ravens Paige
55%
Australian Diva Emma
50%
Costa Rican hero Rosa Mendes
42%
No matching quizzes found
Score Distribution
Percent of People with Each Score
Percentile by Number Answered
Your Score History
You have not taken this quiz